[Event "Int. Stuttgarter Stadtmeisterschaft A"]
[Site "Ditzingen"]
[Date "2019.05.30"]
[Round "2.4"]
[White "Ikonnikov, Vyacheslav"]
[Black "Klings, Peter"]
[Result "1-0"]
[WhiteElo "2503"]
[BlackElo "2112"]
[PlyCount "87"]
[EventDate "2019.??.??"]
[WhiteTeam "SF Bad Mergentheim"]
[BlackTeam "Freibauer Mörlenbach-Birkenau"]

1. d4 Nf6 2. Nf3 e6 3. c4 Nc6 4. a3 d6 5. Nc3 g6 6. g3 Bg7 7. Bg2 O-O 8. O-O a6
9. b4 Rb8 10. Bb2 Re8 11. e3 Nh5 12. Rb1 h6 13. Re1 Kh7 14. h3 Bd7 15. e4 e5
16. d5 Ne7 17. Nd2 Ng8 18. c5 Rf8 19. Nc4 Be8 20. Bf3 Ngf6 21. a4 Rg8 22. Ba3
Bf8 23. a5 Bb5 24. Nxb5 axb5 25. Ne3 c6 26. Qd2 Ng7 27. Red1 Nge8 28. dxc6 bxc6
29. Rbc1 Qc8 30. cxd6 Nxd6 31. Qc2 Qxh3 32. Qxc6 Qe6 33. Nd5 Nxd5 34. Qxd5 Qf6
35. Be2 Rd8 36. Bb2 Bg7 37. Rc6 Nc4 38. Rxf6 Rxd5 39. Rxd5 Bxf6 40. Bxc4 bxc4
41. b5 Rc8 42. b6 c3 43. Bxc3 Rxc3 44. b7 1-0

[Event "Int. Stuttgarter Stadtmeisterschaft A"]
[Site "Ditzingen"]
[Date "2019.05.30"]
[Round "2.5"]
[White "SchÃ¤dler, JÃ¼rgen"]
[Black "Antoniewski, Rafal"]
[Result "0-1"]
[WhiteElo "2098"]
[BlackElo "2500"]
[PlyCount "92"]
[EventDate "2019.??.??"]
[WhiteTeam "SVG Konstanz"]

1. Nf3 g6 2. d4 Bg7 3. c4 d6 4. Nc3 Nc6 5. e3 e5 6. Be2 f5 7. b3 e4 8. Nd2 Nf6
9. Bb2 O-O 10. a3 a5 11. Qc2 Qe7 12. O-O-O Qf7 13. g3 Bd7 14. Kb1 Ne7 15. Na2
Rfb8 16. Ka1 Be6 17. Rc1 c6 18. Nc3 b6 19. Ncb1 Bd7 20. h3 c5 21. dxc5 bxc5 22.
Nc3 a4 23. Rb1 axb3 24. Nxb3 Nc6 25. Na2 Ne8 26. Bxg7 Qxg7+ 27. Qb2 Rxa3 28.
Qxg7+ Kxg7 29. Nbc1 Nb4 30. Rb2 Rba8 31. Kb1 Nxa2 32. Rxa2 Be6 33. Kb2 Rxa2+
34. Nxa2 Kf6 35. Ra1 Ke5 36. Nc3 Rxa1 37. Kxa1 g5 38. Kb2 f4 39. g4 f3 40. Bf1
Nf6 41. Nd1 h5 42. gxh5 Nxh5 43. Nc3 Nf6 44. Ka3 g4 45. hxg4 Nxg4 46. Nd1 Nh2
0-1

[Event "Int. Stuttgarter Stadtmeisterschaft A"]
[Site "Ditzingen"]
[Date "2019.05.30"]
[Round "2.6"]
[White "Morgunov, Marc"]
[Black "Gabriel, Josef"]
[Result "0-1"]
[WhiteElo "2364"]
[BlackElo "2062"]
[PlyCount "88"]
[EventDate "2019.??.??"]
[BlackTeam "Stuttgarter SF"]

1. e4 g6 2. d4 Bg7 3. Nf3 d6 4. Nc3 a6 5. a4 b6 6. Bc4 e6 7. O-O Ne7 8. Be3 O-O
9. e5 dxe5 10. Nxe5 Nf5 11. Qf3 Ra7 12. Rad1 Bb7 13. Qe2 Nc6 14. Nxc6 Bxc6 15.
d5 Nxe3 16. Qxe3 exd5 17. Nxd5 Bxd5 18. Rxd5 Qh4 19. Qd3 c6 20. Rd6 b5 21. axb5
cxb5 22. Bb3 Bxb2 23. Rd7 Rxd7 24. Qxd7 Bd4 25. g3 Qf6 26. Kg2 Kg7 27. Bd5 Rd8
28. Qb7 Rd6 29. f4 Qf5 30. Be4 Qc5 31. h4 a5 32. f5 Bf6 33. fxg6 hxg6 34. Rf2
a4 35. g4 Qc4 36. g5 Bd8 37. Bd3 Qd5+ 38. Qxd5 Rxd5 39. Rf1 Ba5 40. Rb1 a3 41.
Bxb5 a2 42. Ra1 Rxb5 43. Rxa2 Rc5 44. Kh3 Be1 0-1

[Event "Int. Stuttgarter Stadtmeisterschaft A"]
[Site "Ditzingen"]
[Date "2019.05.30"]
[Round "2.7"]
[White "Gheng, Dominik"]
[Black "Zuferi, Enis"]
[Result "0-1"]
[WhiteElo "2061"]
[BlackElo "2337"]
[PlyCount "54"]
[EventDate "2019.??.??"]
[WhiteTeam "Schach-Kids Bernhausen e.V."]
[BlackTeam "Heilbronner SV"]

1. e4 c5 2. c4 Nc6 3. Nc3 g6 4. g3 Bg7 5. Bg2 d6 6. Nge2 e6 7. O-O Nge7 8. a3
O-O 9. Rb1 b6 10. d3 Bb7 11. Be3 Nd4 12. f4 f5 13. b4 Qd7 14. Bf2 Rad8 15. Nxd4
cxd4 16. Nb5 Nc6 17. a4 Ba8 18. Qb3 Kh8 19. Rfe1 e5 20. fxe5 dxe5 21. exf5 gxf5
22. c5 Rf6 23. cxb6 axb6 24. Rbc1 f4 25. gxf4 Rg6 26. Re4 exf4 27. Kh1 Ne5 0-1

[Event "Int. Stuttgarter Stadtmeisterschaft A"]
[Site "Ditzingen"]
[Date "2019.05.30"]
[Round "2.8"]
[White "Neyman, Igor"]
[Black "Jerie, Sven"]
[Result "1/2-1/2"]
[WhiteElo "2331"]
[BlackElo "2060"]
[PlyCount "90"]
[EventDate "2019.??.??"]
[WhiteTeam "Stuttgarter SF 1879"]
[BlackTeam "SG Ludwigsburg 1919"]

1. d4 Nf6 2. c4 g6 3. Nc3 Bg7 4. e4 d6 5. Nge2 O-O 6. Ng3 e5 7. d5 a5 8. h4 h5
9. Bg5 Qe8 10. Be2 Na6 11. Qd2 Bd7 12. f3 Nc5 13. Rb1 Nh7 14. Bh6 Qe7 15. Bxg7
Kxg7 16. Bd1 Qf6 17. Bc2 Rg8 18. Bd3 Rge8 19. b3 Reb8 20. Nge2 b6 21. Qe3 Re8
22. Kd2 Reb8 23. Rbg1 Na6 24. Rb1 Rb7 25. a3 Rba7 26. b4 axb4 27. axb4 Nb8 28.
Rb3 Ra1 29. Rxa1 Rxa1 30. g3 g5 31. hxg5 Nxg5 32. f4 Nh3 33. f5 Na6 34. Bb1 Ba4
35. Rb2 Ra3 36. Bd3 Ra1 37. c5 Nb8 38. cxb6 cxb6 39. Qxb6 Qh6+ 40. Qe3 Ng5 41.
Nc1 Nf3+ 42. Ke2 Ng1+ 43. Kf2 Nh3+ 44. Kf3 Ng1+ 45. Kf2 Nh3+ 1/2-1/2

[Event "Int. Stuttgarter Stadtmeisterschaft A"]
[Site "Ditzingen"]
[Date "2019.05.30"]
[Round "2.9"]
[White "Sieker, Roland"]
[Black "Morgunov, Daniel"]
[Result "0-1"]
[WhiteElo "2055"]
[BlackElo "2290"]
[PlyCount "79"]
[EventDate "2019.??.??"]
[WhiteTeam "Mönchfelder SV 1967"]

1. e4 c5 2. Nf3 d6 3. c3 Nf6 4. Be2 g6 5. d3 Bg7 6. a4 O-O 7. Bg5 h6 8. Be3 Nc6
9. Na3 e5 10. Nd2 b6 11. c4 Ne8 12. Ndb1 Nd4 13. Nc3 Bb7 14. O-O f5 15. f3 Nf6
16. Nc2 Nh5 17. Nd5 Kh7 18. b4 Bxd5 19. cxd5 Nxc2 20. Qxc2 cxb4 21. Qc4 Nf4 22.
Rfe1 fxe4 23. dxe4 Rc8 24. Qxb4 Qg5 25. Bf1 Rc7 26. Bxf4 exf4 27. Rac1 Rc5 28.
Rxc5 bxc5 29. Qb7 Qh4 30. Rd1 g5 31. h3 g4 32. Qd7 gxf3 33. gxf3 Rf6 34. Rd2
Rg6+ 35. Rg2 Rg5 36. Rg4 a5 37. Qf7 c4 38. Bxc4 Rxg4+ 39. hxg4 Qg3+ 40. Kf1 0-1

[Event "Int. Stuttgarter Stadtmeisterschaft A"]
[Site "Ditzingen"]
[Date "2019.05.30"]
[Round "2.10"]
[White "Becker, Matthias"]
[Black "Huber, Benedikt"]
[Result "1-0"]
[WhiteElo "2287"]
[BlackElo "2051"]
[PlyCount "103"]
[EventDate "2019.??.??"]
[WhiteTeam "BG Buchen"]
[BlackTeam "SK MÃ¼nchen SÃ¼dost e.V."]

1. e4 c5 2. Nf3 e6 3. b3 d5 4. exd5 exd5 5. Bb5+ Bd7 6. Bxd7+ Qxd7 7. O-O Nf6
8. Bb2 Be7 9. d4 O-O 10. dxc5 Na6 11. Ne5 Qc7 12. Na3 Nxc5 13. Nb5 Qb6 14. Nd4
Nce4 15. Nf5 Bb4 16. Nxg7 Kxg7 17. Nd7 Qe6 18. Nxf6 Nxf6 19. Bxf6+ Qxf6 20.
Qg4+ Kh8 21. Qxb4 b6 22. Rad1 Rfd8 23. Rd3 Rac8 24. Rf3 Qg7 25. Qe7 f6 26. Qe6
Rxc2 27. Rxf6 Rc7 28. Rf3 d4 29. Rg3 Qe7 30. Qxe7 Rxe7 31. Rd3 Re2 32. a4 Rb2
33. g3 Kg7 34. Rfd1 a5 35. Rxd4 Rxd4 36. Rxd4 Rxb3 37. Rd6 Rb4 38. Kg2 Rb3 39.
g4 Rb4 40. Kg3 Rxa4 41. Rxb6 Ra3+ 42. f3 Ra1 43. h4 a4 44. Ra6 a3 45. Kf4 a2
46. Ra7+ Kf6 47. h5 h6 48. Ra6+ Kg7 49. Kf5 Kh7 50. Ra7+ Kg8 51. Kg6 Kf8 52.
Ra8+ 1-0

[Event "Int. Stuttgarter Stadtmeisterschaft A"]
[Site "Ditzingen"]
[Date "2019.05.30"]
[Round "2.11"]
[White "Schaffert, Walter"]
[Black "Dudek, Richard"]
[Result "0-1"]
[WhiteElo "2055"]
[BlackElo "2240"]
[PlyCount "120"]
[EventDate "2019.??.??"]
[WhiteTeam "SG Ludwigsburg 1919"]
[BlackTeam "SC Eppingen"]

1. e4 c6 2. d4 d5 3. exd5 cxd5 4. c4 Nf6 5. Nc3 e6 6. Nf3 Be7 7. cxd5 Nxd5 8.
Bd3 Nc6 9. a3 Bf6 10. Bc2 Qa5 11. Qd3 Nxc3 12. bxc3 b6 13. O-O Ba6 14. c4 Rc8
15. Rd1 Qh5 16. Ne5 Bxe5 17. dxe5 O-O 18. Bf4 Na5 19. h3 Bxc4 20. Qe3 Qe2 21.
Be4 Rfd8 22. Qxe2 Bxe2 23. Rxd8+ Rxd8 24. Bg5 Rd7 25. Re1 Ba6 26. Bc1 Bb7 27.
Bc2 a6 28. f4 Rc7 29. Bb1 Kf8 30. f5 exf5 31. Bxf5 Bd5 32. Bd2 Nb3 33. Bb4+ Nc5
34. Rd1 Be6 35. Bc2 Ke7 36. Bb1 a5 37. Be1 Nd7 38. Bf2 Rc3 39. Be4 Rxa3 40. Rb1
Rb3 41. Rxb3 Bxb3 42. Bc6 Nxe5 43. Bb5 Bc4 44. Bd4 Bxb5 45. Bxe5 Kd7 46. Bxg7
h5 47. Kf2 Ke6 48. g4 hxg4 49. hxg4 Kd5 50. Ke3 Bd7 51. g5 Kc4 52. Ke2 Bf5 53.
Ke1 Kb3 54. Bf6 a4 55. Be5 b5 56. Bd6 b4 57. Be7 a3 58. Bd6 Ka4 59. Be7 b3 60.
Bf6 b2 0-1

[Event "Int. Stuttgarter Stadtmeisterschaft A"]
[Site "Ditzingen"]
[Date "2019.05.30"]
[Round "2.12"]
[White "Yi, Danny"]
[Black "Gheng, Simona"]
[Result "1-0"]
[WhiteElo "2231"]
[BlackElo "1991"]
[PlyCount "105"]
[EventDate "2019.??.??"]
[WhiteTeam "SF 59 Kornwestheim"]
[BlackTeam "SF Deizisau"]

1. e4 c5 2. Ne2 d6 3. Nbc3 Nc6 4. g3 g6 5. Bg2 Bg7 6. O-O e6 7. d3 Nge7 8. f4
O-O 9. g4 f5 10. Ng3 a6 11. g5 d5 12. e5 d4 13. Nce2 b5 14. h4 Bb7 15. h5 Re8
16. Rf2 Qc7 17. Qf1 Nb4 18. Bxb7 Qxb7 19. Qd1 Red8 20. a3 Nbc6 21. Qf1 Rac8 22.
Rh2 c4 23. Bd2 Kf7 24. Qh3 Nd5 25. Qg2 Qd7 26. Rd1 Nb6 27. Nf1 cxd3 28. cxd3
Qd5 29. Qxd5 Rxd5 30. hxg6+ hxg6 31. Rc1 a5 32. Be1 b4 33. axb4 Nxb4 34. Bxb4
axb4 35. Rxc8 Nxc8 36. Nd2 Nb6 37. Nb3 Na4 38. Nexd4 Bf8 39. Rc2 Bc5 40. Rc4
Bxd4+ 41. Nxd4 Nxb2 42. Rxb4 Nxd3 43. Rb7+ Kg8 44. Nxe6 Nxf4 45. Nxf4 Rxe5 46.
Rb6 Re4 47. Rxg6+ Kh7 48. Rh6+ Kg8 49. Nh3 Rg4+ 50. Kf2 Kg7 51. Rd6 Rh4 52. Kg3
Kf7 53. Rf6+ 1-0

[Event "Int. Stuttgarter Stadtmeisterschaft A"]
[Site "Ditzingen"]
[Date "2019.05.30"]
[Round "2.13"]
[White "Scholtes, Benedikt"]
[Black "Sprangers, Remco"]
[Result "0-1"]
[WhiteElo "2046"]
[BlackElo "2230"]
[PlyCount "57"]
[EventDate "2019.??.??"]
[WhiteTeam "SG Trier"]

1. c4 e5 2. g3 Nf6 3. Bg2 c6 4. e3 d5 5. b3 Na6 6. Ne2 dxc4 7. bxc4 Qd3 8. O-O
Be6 9. Qa4 Nc5 10. Bxc6+ Nfd7 11. Bxd7+ Bxd7 12. Qd1 Bh3 13. Nbc3 Bxf1 14. Qxf1
Qxc4 15. Rb1 Be7 16. d4 Na4 17. Nxa4 Qxa4 18. Rxb7 Qa6 19. Qg2 O-O 20. Rxe7
Qxe2 21. Ba3 Qxa2 22. Bc5 Qb1+ 23. Qf1 Qxf1+ 24. Kxf1 a5 25. Rxe5 Rfb8 26. d5
a4 27. Ba3 Rb3 28. d6 Rxa3 29. d7 0-1

[Event "Int. Stuttgarter Stadtmeisterschaft A"]
[Site "Ditzingen"]
[Date "2019.05.30"]
[Round "2.14"]
[White "Poysti, Nathanael"]
[Black "Afonso, Nils"]
[Result "1-0"]
[WhiteElo "2219"]
[BlackElo "1927"]
[PlyCount "65"]
[EventDate "2019.??.??"]
[BlackTeam "SF 59 Kornwestheim"]

1. Nf3 Nf6 2. e3 g6 3. d4 d5 4. c4 Bg7 5. cxd5 O-O 6. Be2 Nxd5 7. e4 Nb6 8. O-O
Bg4 9. Nbd2 Nc6 10. d5 Ne5 11. Nxe5 Bxe2 12. Qxe2 Bxe5 13. Nf3 Bg7 14. Rd1 Qd7
15. Bf4 Rac8 16. Ne5 Qd6 17. Nd3 e5 18. Be3 Nd7 19. Rac1 c6 20. Nc5 Qe7 21.
dxc6 Nb8 22. cxb7 Rcd8 23. Rxd8 Rxd8 24. Rd1 Rd6 25. Rxd6 Qxd6 26. h3 Bf8 27.
a4 Qc6 28. Qb5 Qd6 29. Qd3 Qb6 30. Qd5 Bxc5 31. Bxc5 Qxb2 32. Qd8+ Kg7 33. Bf8+
1-0

[Event "Int. Stuttgarter Stadtmeisterschaft A"]
[Site "Ditzingen"]
[Date "2019.05.30"]
[Round "2.15"]
[White "Aring, Gerd"]
[Black "Natzmer, Franz Helmut Medina"]
[Result "1-0"]
[WhiteElo "2180"]
[BlackElo "1877"]
[PlyCount "73"]
[EventDate "2019.??.??"]
[WhiteTeam "SV Nürtingen 1920"]
[BlackTeam "Proleter Westfalen"]

1. d4 Nf6 2. c4 e5 3. dxe5 Ne4 4. Nf3 Bb4+ 5. Nbd2 Nc6 6. a3 Nxd2 7. Nxd2 Bxd2+
8. Bxd2 Nxe5 9. e3 Qh4 10. Bc3 Qe4 11. Qd5 Qxd5 12. cxd5 f6 13. Rc1 Kd8 14. h3
Re8 15. Be2 b6 16. O-O Bb7 17. Rfd1 Nf7 18. Rd4 Nd6 19. Rcd1 a5 20. a4 Ne4 21.
Be1 d6 22. Bb5 Re7 23. Bd3 f5 24. f3 Nf6 25. Bh4 Rxe3 26. Bxf6+ gxf6 27. Bxf5
Re2 28. Rh4 Re5 29. Be6 h5 30. f4 Re4 31. Rxh5 Rxf4 32. Rh8+ Ke7 33. Rh7+ Kf8
34. Rd3 Re8 35. Rf7+ Kg8 36. Rxc7+ Rxe6 37. dxe6 1-0

[Event "Int. Stuttgarter Stadtmeisterschaft A"]
[Site "Ditzingen"]
[Date "2019.05.30"]
[Round "2.16"]
[White "Schulte, Torsten"]
[Black "Scherer, Holger"]
[Result "1/2-1/2"]
[WhiteElo "2023"]
[BlackElo "2169"]
[PlyCount "61"]
[EventDate "2019.??.??"]
[WhiteTeam "SC Böblingen 1975 e.V."]
[BlackTeam "SK Lauffen"]

1. d4 Nf6 2. c4 g6 3. Nc3 Bg7 4. e4 d6 5. f4 O-O 6. Nf3 c5 7. dxc5 Qa5 8. Bd3
Qxc5 9. Qe2 Nc6 10. Be3 Qa5 11. O-O Ng4 12. Bd2 Qb6+ 13. Kh1 Qxb2 14. Rab1 Qa3
15. Rb3 Qa5 16. h3 Nf6 17. g4 Nd7 18. Rb5 Qd8 19. Kg2 Nc5 20. Bc2 Ne6 21. Qf2
Nxf4+ 22. Bxf4 Bxc3 23. Bh6 Bg7 24. Qh4 e6 25. Ng5 f6 26. Bxg7 fxg5 27. Rxf8+
Qxf8 28. Qxh7+ Kxh7 29. Bxf8 Nd4 30. Rb2 Nxc2 31. Rxc2 1/2-1/2

[Event "Int. Stuttgarter Stadtmeisterschaft A"]
[Site "Ditzingen"]
[Date "2019.05.30"]
[Round "2.17"]
[White "Blum, Frederik"]
[Black "Schröter, Samuel"]
[Result "1/2-1/2"]
[WhiteElo "1994"]
[BlackElo "2161"]
[PlyCount "50"]
[EventDate "2019.??.??"]
[WhiteTeam "Spvgg Böblingen"]
[BlackTeam "SC Böblingen 1975 e.V."]

1. e4 g6 2. d4 Bg7 3. Nf3 c5 4. Be2 cxd4 5. Nxd4 Nc6 6. Be3 Nf6 7. Nc3 d5 8.
Nxc6 bxc6 9. Bf3 Bb7 10. O-O O-O 11. a4 e5 12. Bg5 d4 13. Nb1 Qc7 14. Nd2 Nd7
15. Be2 Nc5 16. f3 Ne6 17. Bh4 Bh6 18. Nc4 Ba6 19. b3 Nf4 20. Bd3 Nxd3 21. cxd3
Rab8 22. Qc2 Rb7 23. Rab1 Kg7 24. Bg3 f6 25. Be1 Bxc4 1/2-1/2

[Event "Int. Stuttgarter Stadtmeisterschaft A"]
[Site "Ditzingen"]
[Date "2019.05.30"]
[Round "2.18"]
[White "Doll, Michael"]
[Black "Schmidt, Markus"]
[Result "1-0"]
[WhiteElo "2159"]
[BlackElo "1761"]
[PlyCount "55"]
[EventDate "2019.??.??"]
[WhiteTeam "SV Nürtingen 1920"]
[BlackTeam "Stuttgarter SF 1879"]

1. d4 Nf6 2. Nf3 g6 3. c4 Bg7 4. e3 d6 5. Nc3 O-O 6. Be2 Nbd7 7. O-O e5 8. Qc2
c6 9. b4 Qc7 10. Rd1 Nb6 11. dxe5 dxe5 12. e4 Be6 13. c5 Nbd7 14. Ng5 b6 15.
Nxe6 fxe6 16. Be3 Qd8 17. Rd6 Qe7 18. Bc4 Nd5 19. exd5 exd5 20. Nxd5 cxd5 21.
Bxd5+ Kh8 22. Bxa8 Rxa8 23. Rad1 Nf8 24. Qe4 Re8 25. Qd5 Qh4 26. Rd8 Rxd8 27.
Qxd8 Qxb4 28. c6 1-0

[Event "Int. Stuttgarter Stadtmeisterschaft A"]
[Site "Ditzingen"]
[Date "2019.05.30"]
[Round "2.19"]
[White "Boss, Igor"]
[Black "Förster, Bernhard"]
[Result "1-0"]
[WhiteElo "2121"]
[BlackElo "2151"]
[PlyCount "59"]
[EventDate "2019.??.??"]
[BlackTeam "SK Bietigheim-Bissingen"]

1. d4 g6 2. h4 Nf6 3. Nc3 d5 4. Bf4 a6 5. Qd2 Bf5 6. f3 h5 7. Nh3 Bg7 8. Nf2 c5
9. dxc5 d4 10. O-O-O Nc6 11. e4 dxc3 12. Qxc3 Bd7 13. e5 Nh7 14. g4 Nf8 15. Bc4
Qc8 16. Ne4 hxg4 17. Nf6+ exf6 18. exf6 Bh6 19. Qe3+ Ne6 20. Bxh6 Qc7 21. Bxe6
Bxe6 22. Bf4 Qa5 23. a3 gxf3 24. Rd6 Nd8 25. Rb6 Rc8 26. Bd6 Rh5 27. b4 Qa4 28.
Qxf3 Rc6 29. Rd1 Rxb6 30. Be7 1-0

[Event "Int. Stuttgarter Stadtmeisterschaft A"]
[Site "Ditzingen"]
[Date "2019.05.30"]
[Round "2.20"]
[White "Petzold, Tristan"]
[Black "Gabriel, Robert"]
[Result "1-0"]
[WhiteElo "1947"]
[BlackElo "2242"]
[PlyCount "69"]
[EventDate "2019.??.??"]
[WhiteTeam "Mönchfelder SV 1967"]
[BlackTeam "Stuttgarter SF"]

1. d4 Nf6 2. c4 e6 3. Nc3 d5 4. Bg5 Be7 5. e3 O-O 6. Nf3 Nbd7 7. cxd5 Nxd5 8.
Bxe7 Qxe7 9. Be2 b6 10. Nxd5 exd5 11. O-O Bb7 12. Rc1 c5 13. dxc5 bxc5 14. Qa4
d4 15. exd4 Qxe2 16. Qxd7 Bxf3 17. gxf3 Rfd8 18. Qf5 cxd4 19. Rc7 Qe8 20. Kg2
Rd6 21. Re1 Qf8 22. Ree7 Rf6 23. Qd5 h6 24. h4 Rd8 25. Rcd7 Rxd7 26. Rxd7 Qb4
27. h5 g6 28. Qe5 Qb6 29. Qe8+ Kg7 30. Rd8 Qxd8 31. Qxd8 Rf4 32. hxg6 Kxg6 33.
Qd6+ Kg5 34. Qe5+ Rf5 35. Qg7+ 1-0

[Event "Int. Stuttgarter Stadtmeisterschaft A"]
[Site "Ditzingen"]
[Date "2019.05.30"]
[Round "2.21"]
[White "Ciolek, Andreas"]
[Black "Jaster, Dirk"]
[Result "1-0"]
[WhiteElo "2241"]
[BlackElo "1863"]
[PlyCount "77"]
[EventDate "2019.??.??"]
[WhiteTeam "MÃ¼nchener SC 1836 e.V."]
[BlackTeam "SC Feuerbach e. V."]

1. e4 e6 2. d4 d5 3. Nc3 Nf6 4. Bg5 Bb4 5. e5 h6 6. Bd2 Nfd7 7. Qg4 Kf8 8. Nf3
a6 9. Bd3 c5 10. a3 cxd4 11. axb4 dxc3 12. Bxc3 b5 13. Bxb5 Qb6 14. Bd3 Bb7 15.
O-O Nc6 16. Rfe1 Ne7 17. Bd4 Qc7 18. c3 g6 19. h4 Kg7 20. h5 Nf8 21. Nh4 Bc8
22. Bc5 Nf5 23. Bxf8+ Kxf8 24. hxg6 Rg8 25. Bxf5 exf5 26. Qh5 fxg6 27. Qxh6+
Qg7 28. Nxg6+ Kf7 29. Qxg7+ Rxg7 30. Nf4 Bb7 31. e6+ Ke7 32. Rad1 Rag8 33. Rd4
Rg4 34. g3 Bc6 35. Kg2 R8g7 36. Kf3 Rg8 37. Rh1 Rxf4+ 38. Kxf4 Kxe6 39. Rh6+
1-0

[Event "Int. Stuttgarter Stadtmeisterschaft A"]
[Site "Ditzingen"]
[Date "2019.05.30"]
[Round "2.22"]
[White "Lahouel, Kim-Luca"]
[Black "Krockenberger, Martin"]
[Result "1/2-1/2"]
[WhiteElo "1974"]
[BlackElo "2186"]
[PlyCount "118"]
[EventDate "2019.??.??"]
[WhiteTeam "Heilbronner SV"]
[BlackTeam "SK Schmiden/Cannstatt"]

1. e4 c5 2. c3 Nf6 3. e5 Nd5 4. d4 cxd4 5. Nf3 e6 6. cxd4 d6 7. Bc4 Nc6 8. O-O
Be7 9. Bd2 O-O 10. Qe2 Bd7 11. Nc3 Nxc3 12. Bxc3 d5 13. Bd3 Qb6 14. a3 a5 15.
Rad1 Na7 16. Bb1 Bb5 17. Qc2 g6 18. Rfe1 Rac8 19. Qd2 Nc6 20. h4 a4 21. Qh6
Rfe8 22. Ng5 Bxg5 23. hxg5 Kh8 24. Re3 Rg8 25. Rh3 Rg7 26. Kh2 Be2 27. Re1 Bg4
28. Rh4 Bf5 29. Bxf5 gxf5 30. Re3 Ne7 31. Qf6 Ng6 32. Rh6 Kg8 33. Reh3 Qc7 34.
Bb4 Qd7 35. Ba5 Qe8 36. Rc3 Rxc3 37. bxc3 Nf8 38. Rh3 Nd7 39. Qd8 Qxd8 40. Bxd8
Nb8 41. Rd3 h6 42. gxh6 Rg6 43. Rd2 Nc6 44. Bc7 Rxh6+ 45. Kg1 f6 46. exf6 Rxf6
47. Re2 Rg6 48. Kf1 Rh6 49. Kg1 Rh7 50. Bb6 Kf7 51. g3 Kf6 52. c4 Rd7 53. Rc2
Ne7 54. Kf1 Nc8 55. Ba5 Nd6 56. cxd5 exd5 57. Rc5 Nc4 58. Bb4 Ke6 59. Ke2 Rh7
1/2-1/2

[Event "Int. Stuttgarter Stadtmeisterschaft A"]
[Site "Ditzingen"]
[Date "2019.05.30"]
[Round "2.23"]
[White "Harig, Alexander"]
[Black "Steinhart, Christoph"]
[Result "0-1"]
[WhiteElo "2076"]
[BlackElo "1972"]
[PlyCount "44"]
[EventDate "2019.??.??"]
[WhiteTeam "SK Schweich"]
[BlackTeam "TSV SchÃ¶naich"]

1. c4 e5 2. Nc3 Nf6 3. g3 d5 4. cxd5 Nxd5 5. Bg2 Nb6 6. Nf3 Nc6 7. O-O Be7 8.
d3 Be6 9. a4 a5 10. Nb5 Bf6 11. Qc2 O-O 12. Bd2 Rc8 13. Rfd1 Qd7 14. Ng5 Bxg5
15. Bxg5 Nb4 16. Qc5 Bb3 17. Rdc1 Nxa4 18. Rxa4 Bxa4 19. Nc3 b6 20. Qe3 f6 21.
Bh4 Bc6 22. Bxc6 Nxc6 0-1

*

[Event "Int. Stuttgarter Stadtmeisterschaft A"]
[Site "Ditzingen"]
[Date "2019.05.30"]
[Round "2.24"]
[White "Sanati, Charlotte"]
[Black "Pudmensky, Stefan"]
[Result "1-0"]
[WhiteElo "2059"]
[BlackElo "1819"]
[PlyCount "107"]
[EventDate "2019.??.??"]
[WhiteTeam "SG Trier"]
[BlackTeam "SK Lauffen"]

1. d4 Nf6 2. c4 e6 3. Nc3 d5 4. cxd5 exd5 5. Bg5 Be7 6. Qc2 c6 7. e3 h6 8. Bh4
Nbd7 9. Bd3 O-O 10. Nge2 Ne8 11. Bg3 Nd6 12. O-O Nf6 13. f3 Nc4 14. Bf2 Be6 15.
Nf4 Qd7 16. Nce2 Nb6 17. Kh1 Rac8 18. Nxe6 fxe6 19. a4 c5 20. Bb5 Qd8 21. dxc5
a6 22. Bd3 Bxc5 23. Qb3 Qd7 24. Rfc1 Ng4 25. fxg4 Rxf2 26. Rxc5 Rxc5 27. Qxb6
Rc6 28. Qd4 Qf7 29. Kg1 Qf6 30. b4 Rc7 31. Qxf6 Rxf6 32. Rc1 Rxc1+ 33. Nxc1 e5
34. Nb3 Rc6 35. Nc5 b6 36. Nd7 e4 37. Bxa6 Rc1+ 38. Kf2 Rc2+ 39. Kg3 Rc3 40.
Kf4 Rb3 41. Nxb6 Rxb4 42. Bb5 Rb2 43. Nxd5 Rxg2 44. a5 Ra2 45. a6 Ra5 46. Bc4
Kf8 47. Kxe4 Ke8 48. Bb5+ Kd8 49. Nc3 Kc7 50. Kd5 Kb6 51. e4 Ra3 52. Kd4 Ra1
53. e5 Re1 54. Be2 1-0

*

[Event "Int. Stuttgarter Stadtmeisterschaft A"]
[Site "Ditzingen"]
[Date "2019.05.30"]
[Round "2.25"]
[White "Wettengel, Alexander"]
[Black "Kobald, Jacqueline"]
[Result "1/2-1/2"]
[WhiteElo "2049"]
[BlackElo "1839"]
[PlyCount "105"]
[EventDate "2019.??.??"]
[WhiteTeam "Stuttgarter SF"]
[BlackTeam "SV Stuttgart-Wolfbusch 1956 e.V."]

1. e4 c5 2. Nf3 e6 3. d4 cxd4 4. Nxd4 a6 5. Nc3 Qc7 6. Bd3 b5 7. O-O Bb7 8. a4 b4 9. Na2 Nf6 10. Re1 Bd6 11. g3 Nc6 12. Nxc6
dxc6 13. Bd2 c5 14. b3 h5 15. Bg5 Ng4 16. Qe2 f6 17. Bd2 Ne5 18. Bc4 Nxc4 19.
Qxc4 Ke7 20. Bf4 Bxf4 21. gxf4 Rac8 22. f5 Qc6 23. Qxe6+ Qxe6 24. fxe6 Kxe6 25.
f3 Rhd8 26. Rad1 a5 27. Nc1 Ba6 28. Kf2 Rd4 29. Nd3 Bxd3 30. Rxd3 Rcd8 31. Ke3
g5 32. h4 Ke5 33. Rh1 Rxd3+ 34. cxd3 Rh8 35. Rc1 Kd6 36. d4 Rc8 37. Rxc5 Rxc5
38. dxc5+ Kxc5 39. e5 fxe5 40. hxg5 Kd5 41. f4 exf4+ 42. Kxf4 Ke6 43. Ke4 h4
44. Kf4 h3 45. Kg3 Kf5 46. Kxh3 Kxg5 47. Kg3 Kf5 48. Kf3 Ke5 49. Ke3 Kd5 50.
Kd3 Kc5 51. Ke4 Kc6 52. Kd4 Kd6 53. Kc4 1/2-1/2

[Event "Int. Stuttgarter Stadtmeisterschaft A"]
[Site "Ditzingen"]
[Date "2019.05.30"]
[Round "2.26"]
[White "Kreyer, Steve"]
[Black "Pfitzer, Norbert"]
[Result "1-0"]
[WhiteElo "1792"]
[BlackElo "2047"]
[PlyCount "93"]
[EventDate "2019.??.??"]
[WhiteTeam "SC Feuerbach"]
[BlackTeam "SV Backnang"]

1. d4 Nf6 2. c4 g6 3. Nc3 Bg7 4. e4 d6 5. Nf3 O-O 6. Be2 Nc6 7. O-O e5 8. d5
Ne7 9. Ne1 Nd7 10. Be3 f5 11. f3 Nf6 12. a4 a5 13. c5 Ne8 14. Rc1 Bd7 15. Qb3
Rb8 16. cxd6 Nxd6 17. Nb5 Bxb5 18. Bxb5 Kh8 19. Bd3 b6 20. Qc2 Rb7 21. Bd2 Qd7
22. Be2 Ra7 23. b3 Ng8 24. Bc3 Rc8 25. Bb2 Ne7 26. Qd3 c6 27. dxc6 Nxc6 28. Nc2
Qe6 29. Ne3 Nd4 30. Rxc8+ Qxc8 31. Nd5 Qd8 32. Rc1 h6 33. Bxd4 exd4 34. Rc6
fxe4 35. fxe4 Be5 36. Qf3 Kg7 37. Qg4 Rf7 38. g3 h5 39. Qe6 Qg5 40. Rxd6 d3 41.
Rd7 Bd4+ 42. Kg2 Rxd7 43. Qxd7+ Kh6 44. Bf3 Qd2+ 45. Kh3 Qf2 46. Ne7 Kg5 47.
Ng8 1-0

[Event "Int. Stuttgarter Stadtmeisterschaft A"]
[Site "Ditzingen"]
[Date "2019.05.30"]
[Round "2.27"]
[White "Forster, Lukas"]
[Black "Schallner, Marc"]
[Result "1/2-1/2"]
[WhiteElo "1745"]
[BlackElo "2045"]
[PlyCount "60"]
[EventDate "2019.??.??"]
[WhiteTeam "Stuttgarter SF 1879"]
[BlackTeam "SF 59 Kornwestheim"]

1. e4 e5 2. Nf3 Nc6 3. Bb5 a6 4. Ba4 Nf6 5. O-O Be7 6. Re1 b5 7. Bb3 d6 8. c3
O-O 9. h3 Na5 10. Bc2 c5 11. d4 Qc7 12. Nbd2 cxd4 13. cxd4 Bd7 14. Nf1 Rfc8 15.
Bd3 Nc6 16. d5 Nb4 17. Bb1 Nc2 18. Bxc2 Qxc2 19. Qxc2 Rxc2 20. Ne3 Rc7 21. Nd1
Rac8 22. Bd2 Rc4 23. Bg5 h6 24. b3 Rc2 25. Bd2 R2c7 26. Ba5 Rb7 27. Bb4 Bf8 28.
Nb2 Nh5 29. Nd3 f5 30. Nd2 Nf6 1/2-1/2

[Event "Int. Stuttgarter Stadtmeisterschaft A"]
[Site "Ditzingen"]
[Date "2019.05.30"]
[Round "2.28"]
[White "Hardt, Anton"]
[Black "Denk, JÃ¼rgen"]
[Result "0-1"]
[WhiteElo "1816"]
[BlackElo "2028"]
[PlyCount "86"]
[EventDate "2019.??.??"]
[WhiteTeam "SK Mannheim-Lindenhof 1865"]
[BlackTeam "SC Leinzell"]

1. e4 e6 2. d4 d5 3. Nc3 dxe4 4. Nxe4 Nd7 5. Nf3 Ngf6 6. Ng3 c5 7. Be3 cxd4 8.
Nxd4 a6 9. Bd3 Bc5 10. c3 O-O 11. Qe2 Re8 12. O-O e5 13. Ndf5 Bxe3 14. Qxe3 Nf8
15. Rad1 Qc7 16. b3 e4 17. Bc4 Be6 18. Qg5 Ng6 19. Rd4 Bxc4 20. Rxc4 Qe5 21.
Nh5 Nxh5 22. Qxh5 Rad8 23. Re1 Qf4 24. Rd4 Rxd4 25. cxd4 Qd2 26. Qe2 Qxe2 27.
Rxe2 Nf4 28. Rd2 g6 29. Nd6 Re7 30. g3 Nd5 31. Nc4 Rc7 32. Re2 f5 33. Kg2 b5
34. Ne5 Nb4 35. Rd2 Nd5 36. h4 Kg7 37. a4 Nb4 38. axb5 axb5 39. Kf1 Kf6 40. Ke2
Ke6 41. f3 Rc3 42. fxe4 fxe4 43. Kf2 e3+ 0-1